Welcome to CU Library Online Public Access Catalogue (OPAC)

Entrepreneurship / (Record no. 4742)

MARC details
000 -LEADER
fixed length control field 00845pam a2200265 a 4500
001 - CONTROL NUMBER
control field 4016703
005 - DATE AND TIME OF LATEST TRANSACTION
control field 20250313103954.0
008 - FIXED-LENGTH DATA ELEMENTS--GENERAL INFORMATION
fixed length control field 970604s1998 mauab b 001 0 eng
020 ## - INTERNATIONAL STANDARD BOOK NUMBER
International Standard Book Number 0256234787 (acidfree paper)
020 ## - INTERNATIONAL STANDARD BOOK NUMBER
International Standard Book Number 0071153233 (International ed. : acidfree paper)
050 00 - LIBRARY OF CONGRESS CALL NUMBER
Classification number HD62.5
Item number .H577 1998
082 00 - DEWEY DECIMAL CLASSIFICATION NUMBER
Classification number 658.4/21
Edition information 21
100 1# - MAIN ENTRY--PERSONAL NAME
Personal name Hisrich, Robert D.
245 10 - TITLE STATEMENT
Title Entrepreneurship /
Statement of responsibility, etc. Robert D. Hirsch, Michael P. Peters.
250 ## - EDITION STATEMENT
Edition statement 4th ed.
260 ## - PUBLICATION, DISTRIBUTION, ETC.
Place of publication, distribution, etc. Boston, Mass. :
Name of publisher, distributor, etc. Irwin/McGraw-Hill,
Date of publication, distribution, etc. c1998.
300 ## - PHYSICAL DESCRIPTION
Extent xix, 681 p. :
Other physical details ill. (some col.), col. maps ;
Dimensions 26 cm.
650 #0 - SUBJECT ADDED ENTRY--TOPICAL TERM
Topical term or geographic name entry element New business enterprises.
650 #0 - SUBJECT ADDED ENTRY--TOPICAL TERM
Topical term or geographic name entry element Entrepreneurship.
650 #0 - SUBJECT ADDED ENTRY--TOPICAL TERM
Topical term or geographic name entry element Business planning.
650 #0 - SUBJECT ADDED ENTRY--TOPICAL TERM
Topical term or geographic name entry element Business enterprises
General subdivision Finance.
650 #0 - SUBJECT ADDED ENTRY--TOPICAL TERM
Topical term or geographic name entry element Success in business.
700 1# - ADDED ENTRY--PERSONAL NAME
Personal name Peters, Michael P.
942 ## - ADDED ENTRY ELEMENTS (KOHA)
Source of classification or shelving scheme Library of Congress Classification
Koha item type Books
Suppress in OPAC No
999 ## -
-- 4742
-- 4742
Holdings
Withdrawn status Lost status Source of classification or shelving scheme Damaged status Not for loan Collection Home library Current library Shelving location Date acquired Total checkouts Full call number Barcode Date last seen Copy number Price effective from Koha item type
    Library of Congress Classification     Non-fiction Undergraduate Library (Christ Temple) Undergraduate Library (Christ Temple) General stacks 03/13/2025   HD62.5 HIS ulct00001688 03/13/2025 1 03/13/2025 Books
© 2023-2024 Copyright: Central University Libraries. All Rights Reserved | Created by: Mahone Tech Office